Afghanistan general knowledge - Statistics

General Stats
  • This quiz has been taken 32 times
  • The average score is 12 of 20
Answer Stats
Hint Answer % Correct
The capital city - and only city with a population over 1 million Kabul
96%
It's biggest neighbour China
92%
Most popular religion Islam
92%
Military leader who conquered the region, known for being related to 1/200 people worldwide Genghis Khan
88%
Group which has controlled Afghanistan since 2021 The Taliban
88%
It's smallest neighbour Tajikistan
81%
Afghanistan's currency Afghani
77%
Denomination of Islam followed by around 10-15% of the population Shia Islam
73%
Most popular denomination of Islam, followed by around 84-89% of the population Sunni Islam
69%
Country which invaded Afghanistan in 1979 The USSR
69%
'Great' military leader who invaded what is now Afghanistan in 330BC Alexander the Great
65%
Largest ethnicity in Afghanistan Pashtun
54%
Afghanistan's population (as of 2022) in millions 41
46%
Country which invaded Afghanistan in 1839 Britain
46%
The second most populated city Herat
46%
Mountain range found inside Afghanistan Hindu Kush
38%
The third most populated city Mazar-i-Sharif
19%
Area of Afghanistan in 1000's km2 652
4%
Afghanistan's main export carpets
4%
Tallest peak in Afghanistan Noshaq
4%
No matching quizzes found
Score Distribution
Percent of People with Each Score
Percentile by Number Answered
Your Score History
You have not taken this quiz